Estudio integral de los recursos hídricos y las coberturas del suelo de la cuenca media y baja del río Sauce Grande (Argentina) /
Guardado en:
| Otros Autores: | , , |
|---|---|
| Formato: | Manuscrito |
| Idioma: | Spanish |
| Publicado: |
2020.
|
| Materias: | |
| Acceso en línea: | Texto completo |
| Etiquetas: |
Agregar Etiqueta
Sin Etiquetas, Sea el primero en etiquetar este registro!
|
| LEADER | 01532ntm a22003375a 4500 | ||
|---|---|---|---|
| 001 | EUN.eunm008259 | ||
| 008 | 200623s2020####ag#######bm###000#0#spa#d | ||
| 005 | 20220309120520.0 | ||
| 245 | 1 | 0 | |a Estudio integral de los recursos hídricos y las coberturas del suelo de la cuenca media y baja del río Sauce Grande (Argentina) / |c Andrea Soledad Brendel. |
| 260 | |c 2020. | ||
| 300 | |a xiv, 174 p. ; |c 30 cm. | ||
| 500 | |a "Tesis de Doctor en Geografía". | ||
| 500 | |a Directora de tesis: María Cintia Piccolo ; codirector: Gerardo M. E. Perillo. | ||
| 502 | |a Tesis (doctoral)--Universidad Nacional del Sur. Departamento de Geografía y Turismo, 2020. | ||
| 530 | |a Disponible también en formato digital. | ||
| 504 | |a Incluye referencias bibliográficas. | ||
| 100 | 1 | |a Brendel, Andrea Soledad. |4 dis | |
| 700 | 1 | |a Piccolo, María Cintia. |q 1951- |4 ths | |
| 700 | 1 | |a Perillo, Gerardo M. E. |q (Gerardo Miguel Eduardo) |4 ths | |
| 710 | 2 | |a Universidad Nacional del Sur. |b Departamento de Geografía y Turismo |4 dgg. | |
| 082 | 0 | 4 | |a 040 |2 15 |
| 082 | 0 | 4 | |a 551.49 |2 15 |
| 650 | 7 | |a Geografía. |2 unbist | |
| 653 | |a Procesamiento de imágenes satelitales | ||
| 653 | |a Coberturas del suelo | ||
| 653 | |a Cuerpos de agua | ||
| 653 | |a Variabilidad climática | ||
| 653 | |a Río Sauce Grande (Argentina) | ||
| 856 | 4 | 1 | |3 Texto completo |u http://repositoriodigital.uns.edu.ar/handle/123456789/4866 |
| 859 | |a AR-BaUNS |b BIB. CENTRAL - Tesis |h 040 |i B148 2020-1698 |k R |p 127565/020 | ||
| 859 | |a AR-BaUNS |b Dto. Geografia |h 040 |i B148 2020-1698 |p 127566/020 | ||
